000 00883 a2200241 4500
005 20180312141942.0
008 131002s1997 enka br|||| 00| 0 spa d
020 _a074603430X
040 _aCO-BoUCM
_bspa
_cJose A. Gerena
_dDiana Londoño
041 0 0 _aspa
245 0 3 _aEl arca de Noé
_cContado por Heather Amery ; diseño de Maria Wheatley ; ilustraciones de Norman Young
260 _c1997
_bUsborne
_aLondres (Inglaterra)
300 _a16 páginas
_bilustraciones a color
490 _aCuentos de la biblia
650 7 _aCuentos ilustrados para niños
_937305
650 7 _aLiteratura infantil inglesa
_937709
690 _942863
_aLiteratura europea
700 1 _aAmery, Heather
_947144
700 1 _aWheatley, Maria
_947145
700 1 _aYoung, Norman
_eilustrador
_947146
942 _a18
_cLIBRO
_e1
_mA21a
_2DEWEY
_h828.914
_n0
999 _c181781
_d181781